000 00816nam a22002295i 4500
001 163514
003 ES-MaACL
005 20250814063248.0
008 961119s1862 sp d |||| | spa d
040 _aCYL
_bspa
_cCYL
100 1 _aRico y Sinobas, Manuel,
_d1819-1898
_9131804
245 1 0 _aManual de física y química /
_cpor D. Manuel Rico y D. Mariano Santistéban.
250 _a3ª ed. il. con 336 grabados en madera intercalados en el testo (sic).
260 _aMadrid :
_bImprenta y librería de D. Eusebio Aguado,
_c1862.
300 _a479 p. :
_bil. ;
_c21 cm.
597 1 _aAntep.
599 1 _aLas il. gráficos y diagrámas.
650 0 7 _aFísica
_2embne
_912877
700 1 1 _aSantisteban, Mariano.
_9103433
852 _aES-MaACL
_jC-2965
_z-- Enc. hol.
999 _c163514
_d163514